000
00409nam a22001697a 4500
003
MPLRDC
005
20220104125732.0
008
210129b ||||| |||| 00| 0 eng d
082
_a
435.1 LHCB
100
_a
不详
245
_a
园艺栽培入门
_c
260
_a
_b
龙和出版有限公司
_c
1986
300
_b
平
490
_a
实用家庭丛书
650
_a
园艺泛论
942
_c
BK
_o
435.1 LHCB
999
_c
29717
_d
29707